Gustav Mahler : (Registro nro. 252004)

Detalles MARC
000 -LEADER
fixed length control field 02143nam a2200505Ii 4500
001 - CONTROL NUMBER
control field DIGAKAL0338
003 - CONTROL NUMBER IDENTIFIER
control field NyNyDIG
008 - FIXED-LENGTH DATA ELEMENTS--GENERAL INFORMATION
fixed length control field 191007s2008 sp o 000 0 spa d
006 - FIXED-LENGTH DATA ELEMENTS--ADDITIONAL MATERIAL CHARACTERISTICS
fixed length control field m o d
007 - PHYSICAL DESCRIPTION FIXED FIELD--GENERAL INFORMATION
fixed length control field cr |||||||||||
020 ## - INTERNATIONAL STANDARD BOOK NUMBER
International Standard Book Number 9788446038368
Qualifying information (eBook ;
-- ePub)
020 ## - INTERNATIONAL STANDARD BOOK NUMBER
International Standard Book Number 8446038366
Qualifying information (eBook ;
-- ePub)
035 ## - SYSTEM CONTROL NUMBER
System control number (OCoLC)1122823489
040 ## - CATALOGING SOURCE
Original cataloging agency DGITA
Language of cataloging eng
Description conventions rda
-- pn
Transcribing agency DGITA
041 1# - LANGUAGE CODE
Language code of text/sound track or separate title spa
Language code of original ger
050 14 - LIBRARY OF CONGRESS CALL NUMBER
Classification number ML410.M23 ebook
082 04 - DEWEY DECIMAL CLASSIFICATION NUMBER
Classification number 780.92
-- B
100 1# - MAIN ENTRY--PERSONAL NAME
Personal name Adorno, Theodor W.,
Dates associated with a name 1903-1969,
Relator term author.
240 10 - UNIFORM TITLE
Uniform title Mahler.
Language of a work Spanish
Version (Brotons Muñoz)
245 10 - TITLE STATEMENT
Title Gustav Mahler :
Remainder of title una fisionomía musical /
Statement of responsibility, etc. Theodor W. Adorno ; edición, Rolf Tiedemann ; con la colaboración de Gretel Adorno, Susan Bech-Morss y Klauss Schultz ; traducción, Alfredo Brotons Muñoz.
264 #1 - PRODUCTION, PUBLICATION, DISTRIBUTION, MANUFACTURE, AND COPYRIGHT NOTICE
Place of production, publication, distribution, manufacture Tres Cantos, Madrid, España :
Name of producer, publisher, distributor, manufacturer Akal,
Date of production, publication, distribution, manufacture, or copyright notice 2008.
300 ## - PHYSICAL DESCRIPTION
Extent 1 online resource.
336 ## - CONTENT TYPE
Content type term text
Content type code txt
Source rdacontent
337 ## - MEDIA TYPE
Media type term computer
Media type code c
Source rdamedia
338 ## - CARRIER TYPE
Carrier type term online resource
Carrier type code cr
Source rdacarrier
347 ## - DIGITAL FILE CHARACTERISTICS
File type text file
Source rdaft
347 ## - DIGITAL FILE CHARACTERISTICS
Encoding format EPUB
490 1# - SERIES STATEMENT
Series statement Akal/Básica de bolsillo ;
Volume/sequential designation 75
505 0# - FORMATTED CONTENTS NOTE
Formatted contents note Telón y fanfarria -- Tono -- Caracteres -- Novela -- Variante-forma -- Dimensiones de la técnica -- Disgregación y afimación -- La larga mirada -- Noticia -- Apostilla editorial.
588 0# - SOURCE OF DESCRIPTION NOTE
Source of description note Online resource; title from ePub title page (Digitalia, viewed October 10, 2019)
600 10 - SUBJECT ADDED ENTRY--PERSONAL NAME
Personal name Mahler, Gustav,
Dates associated with a name 1860-1911
General subdivision Criticism and interpretation.
655 #0 - INDEX TERM--GENRE/FORM
Genre/form data or focus term Electronic books.
700 1# - ADDED ENTRY--PERSONAL NAME
Personal name Tiedemann, Rolf,
Relator term editor.
700 1# - ADDED ENTRY--PERSONAL NAME
Personal name Adorno, Gretel,
Relator term editor.
700 1# - ADDED ENTRY--PERSONAL NAME
Personal name Buck-Morss, Susan
Relator term editor.
700 1# - ADDED ENTRY--PERSONAL NAME
Personal name Schulz, Klaus,
Dates associated with a name 1947-2014,
Relator term editor.
700 1# - ADDED ENTRY--PERSONAL NAME
Personal name Brotons Muñoz, Alfredo,
Relator term translator.
700 1# - ADDED ENTRY--PERSONAL NAME
Relationship information Translation of:
Personal name Adorno, Theodor W.,
Dates associated with a name 1903-1969.
Title of a work Mahler: eine musikalische Physiognomik.
Language of a work Spanish.
791 2# -
-- Digitalia (Firm),
-- distributor.
793 0# -
-- Digitalia eBook Collection:
-- Akal
830 #0 - SERIES ADDED ENTRY--UNIFORM TITLE
Uniform title Akal bolsillo ;
Volume/sequential designation 75.
856 40 - ELECTRONIC LOCATION AND ACCESS
Materials specified Digitalia Hispánica
Uniform Resource Identifier <a href="https://www.digitaliapublishing.com/a/50829/">https://www.digitaliapublishing.com/a/50829/</a>
910 ## - USER-OPTION DATA (OCLC)
User-option data Premium collection: 2019
942 ## - ADDED ENTRY ELEMENTS (KOHA)
Koha item type Recurso Electrónico
Existencias
Withdrawn status Lost status Damaged status Not for loan Collection Home library Current library Date acquired Total checkouts Date last seen Price effective from Koha item type
        Digitalia Ebooks Hispanica Biblioteca Digital UIN Biblioteca Digital UIN 04/25/2025   04/25/2025 04/25/2025 Recurso Electrónico

CONTACTO


NOSOTROS


SITIOS DE INTERES

coordinacion.biblioteca.biblioteca@unienlinea.mx Misión, Visión y Objetivos Bases de datos
Directorio Bibliotecas Digitales y Repositorios
Normatividad Revistas y artículos
Convenios interbibliotecarios
Boletines



Hecho en México. Universidad Insurgentes (UIN). Todos los derechos reservados 2024. Esta página y sus contenidos pueden ser reproducidos con fines no lucrativos, siempre y cuando no se mutile, se cite la fuente completa y su dirección electrónicas. De otra forma requiere permiso previo por escrito de la institución




2024 Copyright Universidad Insurgentes | www.bibliouin.com.mx